| 000 | 00539nam a22001457a 4500 | ||
|---|---|---|---|
| 003 | MACL | ||
| 005 | 20200723123325.0 | ||
| 008 | 200723b xxu||||| |||| 00| 0 eng d | ||
| 040 | _cMACL | ||
| 100 |
_aसिंह,डॉ. अखंड प्रताप _979218 |
||
| 245 | _aप्रमुख जीव वैज्ञानिक और उनके आवष्किार | ||
| 260 |
_aदिल्ली _bप्रशांत बुक डिस्ट्री. _c2016 |
||
| 650 |
_aजीवनी _97943 |
||
| 942 |
_2ddc _cHIN |
||
| 999 |
_c62801 _d62801 |
||